| 000 | 01092nam a22003377a 4500 | ||
|---|---|---|---|
| 003 | CHAP | ||
| 005 | 20220329143712.0 | ||
| 008 | 110224s1995 mx a r 00010 spa d | ||
| 010 | _a100570 | ||
| 011 | _a101542 | ||
| 020 | _a9682965616 | ||
| 035 | _a112230 | ||
| 040 | _cCHAP | ||
| 082 | 0 | 4 |
_a633.5 _bV54 |
| 100 | 1 |
_aVelasco Rodríguez, Griselle J. _9118434 |
|
| 245 | 1 | 0 |
_aOrigen del textil en Mesoamérica _c/por Griselle J. Velasco Rodríguez |
| 260 |
_aMéxico, D.F. : _bInstituto Politécnico Nacional, _c1995 |
||
| 300 |
_a305 p. : _bilus. |
||
| 590 |
_aBATCH-UPD _b10 _c20130110 _lUCH01 _h1829 |
||
| 590 |
_aBATCH-UPD _b10 _c20130410 _lUCH01 _h1201 |
||
| 590 |
_aBATCH-UPD _b10 _c20130914 _lUCH01 _h1406 |
||
| 590 |
_aCONVERSION _b10 _c20130109 _lUCH01 _h1355 |
||
| 650 | 1 | 4 |
_aFibras textiles. _940700 |
| 650 | 1 | 4 |
_aFibras vegetales. _940703 |
| 650 | 1 | 4 |
_aIndustrias textiles. _958037 |
| 650 | 1 | 4 |
_aTextiles _xIndustria y fabricación. _9112556 |
| 901 | _aBK | ||
| 911 | _aen proceso | ||
| 942 | _cLIBRO | ||
| 949 |
_a633.5 V54 _bBC _cLIBRO _d33724002232033 _eLIBRO _h114327 _i112230 _sb |
||
| 999 |
_c100570 _d100570 |
||